One Piece - Fruit du démon - Statistiques

Statistiques générales
  • Ce quiz a été pris 53 fois
    31 depuis la dernière actualisation
  • Le résultat moyen est 13 sur 30
Statistiques - réponses
Indice Fruit du Démon % Correct
Permet à son utilisateur de faire pousser des parties de son corps où bon lui semble Fruit des Éclosions
76%
Permet à son utilisateur de se rendre invisible et de rendre les choses qu'il touche invisible Fruit de l'Invisibilité
68%
Bari Bari no Mi Fruit de la Barrière
64%
Permet à son utilisateur de se transformer en Humain ou en Hybride Humain Fruit de l'Humain
60%
Ope Ope no Mi Fruit du bistouri
60%
Permet à son utilisateur de créer des vibrations et des séismes en fissurant l'espace Fruit du Tremblement
60%
Baggy le Clown Fruit de la Fragmentation
52%
Ito Ito no Mi Fruit des Fils
52%
Yami Yami no Mi Fruit des Ténèbres
52%
Gomu Gomu no Mi Fruit du Gum-Gum
52%
Galdino ( MR. 3 ) Ciro - Fruit
48%
Goro Goro no Mi Fulguro - fruit
48%
Nikyu Nikyu no Mi Fruit des Coussinets
44%
Crocodile Fruit des Sables
44%
Mera Mera no Mi Pyro - fruit
44%
Basil Hawkins Fruit de la Paille
40%
Boa Hancock, l'impératrice pirate Fruit de la Passion
40%
qui permet à l'utilisateur de manger et de mâcher quelque chose d'immangeable au premier abord Fruit du Glouton
40%
Foxy le renard argenté Fruit Ramollo
40%
Señor Pink Fruit du Barbotage
36%
Permet à son utilisateur de transformer n’importe quelle partie de son corps en bombe et de provoquer des explosions à volonté. Fruit du Boum - Boum
36%
Permet à son utilisateur de se transformer en Hybride homme - bison ou en bison complet Fruit du Bovin, modèle Bison
36%
Permet à son utilisateur de contrôler, de se transformer ou de devenir de la neige Fruit du Flocon
36%
Perona Fruit de l'Ectoplasme
32%
Permet à son utilisateur de se transformer en Hybride homme - léopard ou en léopard complet Fruit du Félin, modèle Léopard
32%
Tori Tori no Mi, modèle Faucon fruit de l'Oiseau, modèle Faucon
28%
Kaido aux cents bêtes Fruit du Poisson, modèle Dragon Azur
28%
Marco Fruit de l'oiseau, modèle Phénix
24%
Permet à son utilisateur de contrôler plusieurs types de poisons, et de lancer des attaques avec du poison Fruit du Venin
24%
Hie Hie no Mi Gyvro - fruit
12%
Aucun quiz correspondant
Distribution des résultats
% des personnes avec chaque résultat
Percentile par nombre de réponses
Votre historique - résultats
Vous n’avez pas pris ce quiz depuis la dernière actualisation